Catálogo

ELEMENTOS DE TECNOLOGIA DE ALIMENTOS (Registro nro. 22849)

Detalles MARC
000 -LEADER
fixed length control field 00499nam a2200181 a 4500
001 - CONTROL NUMBER
control field 22849
005 - DATE AND TIME OF LATEST TRANSACTION
control field 20180713220823.0
008 - FIXED-LENGTH DATA ELEMENTS--GENERAL INFORMATION
fixed length control field 140415s1983 000 0 spa d
020 ## - INTERNATIONAL STANDARD BOOK NUMBER
International Standard Book Number 9682603854
041 ## - LANGUAGE CODE
Language code of text/sound track or separate title spa
082 ## - DEWEY DECIMAL CLASSIFICATION NUMBER
Classification number 664
Item number ELE
245 00 - TITLE STATEMENT
Title ELEMENTOS DE TECNOLOGIA DE ALIMENTOS
250 ## - EDITION STATEMENT
Edition statement 1a ed.
260 ## - PUBLICATION, DISTRIBUTION, ETC.
Place of publication, distribution, etc. [s.l.] :
Name of publisher, distributor, etc. COMPAÑIA EDITORIAL CONTINENTAL,
Date of publication, distribution, etc. 1983
300 ## - PHYSICAL DESCRIPTION
Extent 783
650 14 - SUBJECT ADDED ENTRY--TOPICAL TERM
Topical term or geographic name entry element TECNOLOGIA DE ALIMENTOS
700 1# - ADDED ENTRY--PERSONAL NAME
Personal name SANGINES DE SALINAS CRISTINA
Relator term tr.
Existencias
Withdrawn status Lost status Source of classification or shelving scheme Damaged status Not for loan Collection code Home library Current library Shelving location Date acquired Source of acquisition Inventory number Total Checkouts Full call number Barcode Date last seen Date last checked out Price effective from Koha item type
    Dewey Decimal Classification     General Biblioteca Karol Wojtyla Biblioteca Karol Wojtyla Sala general 03/12/2013 Compra 151000000000000000030865   664 ELE 43550 05/01/2026 18/02/2015 03/12/2013 Libro